Miasta województwa Opolskiego według opisu - Statystyki

Ogólne statystyki
  • Ten quiz został rozwiązany 31 razy
  • Średni wynik to 6 z 9
Statystyki odpowiedzi
Opis Miasto % Poprawnych
Nazwa miasta jak rzeki kłodzkiej i łużyckiej Nysa
93%
Powstało w 1975r. poprzez połączenie czterech miejscowości. Jest to drugie co do wielkości miasto w województwie Kędzierzyn-Koźle
85%
Historyczna stolica Górnego Śląska Opole
81%
Miasto ma nazwę podobną do jednej z siedzib powiatu pod Warszawą. Natomiast w tej opolskiej miejscowości występuje litera "ó" Prószków
74%
Kreuzburg to niemiecka nazwa tego miasta Kluczbork
63%
Miasto o identycznej nazwie istnieje w województwie Łódzkim. Nazwa zaczyna się na "u" Ujazd
63%
Temu miasto nadano w 2018r. order uśmiechu, miasto leży w powiecie nyskim Głuchołazy
44%
Początkowo nazwa tej osady pochodziła od rzeki Mała Panew. Jej teraźniejsza nazwa pochodzi od nazwiska właściciela młyna Ozimek
37%
Założony tam został zespół "Piersi" Pawła Kukiza Niemodlin
26%
Nie znaleziono quizów pasujących do podanych kryteriów
Rozkład punktacji
Procent ludzi z każdym wynikiem
Percentyl według liczby udzielonych odpowiedzi
Twoja historia wyników
Nie rozwiązałeś tego quizu